Top 50 NHL goal scorers from Finland - Statistics

General Stats
  • This quiz has been taken 323 times
  • The average score is 22 of 50
Answer Stats
Goals Player % Correct
684 Teemu Selänne
99%
601 Jari Kurri
94%
205 Mikko Koivu
84%
255 Saku Koivu
84%
121 Sebastian Aho
84%
99 Mikko Rantanen
82%
155 Alexander Barkov
77%
138 Patrik Laine
77%
321 Olli Jokinen
69%
244 Esa Tikkanen
68%
191 Jussi Jokinen
67%
111 Mikael Granlund
63%
117 Kimmo Timonen
62%
58 Markus Granlund
61%
91 Teuvo Teräväinen
59%
243 Jere Lehtinen
56%
41 Kasperi Kapanen
56%
189 Sami Kapanen
56%
117 Teppo Numminen
54%
134 Christian Ruuttu
52%
191 Valtteri Filppula
49%
58 Jarkko Ruutu
48%
148 Tuomo Ruutu
48%
107 Reijo Ruotsalainen
47%
52 Ville Peltonen
38%
99 Sami Salo
37%
42 Rasmus Ristolainen
34%
114 Jyrki Lumme
33%
48 Ville Nieminen
33%
85 Erik Haula
32%
56 Matti Hagman
32%
147 Niklas Hagman
32%
62 Leo Komarov
31%
54 Artturi Lehkonen
25%
54 Janne Niinimaa
25%
183 Petri Skriko
24%
40 Ville Leino
24%
55 Joel Armia
23%
61 Joonas Donskoi
21%
44 Pentti Lund
21%
45 Sami Vatanen
20%
204 Ilkka Sinisalo
19%
118 Mikko Mäkelä
18%
97 Antti Miettinen
17%
96 Sean Bergenheim
17%
57 Joni Pitkänen
16%
81 Antti Laaksonen
15%
86 Lauri Korpikoski
14%
90 Risto Siltanen
12%
36 Raimo Summanen
10%
No matching quizzes found
Score Distribution
Percent of People with Each Score
Percentile by Number Answered
Your Score History
You have not taken this quiz